flagi państw obu ameryk - Statystyki

Ogólne statystyki
  • Ten quiz został rozwiązany 93 razy
  • Średni wynik to 29 z 35
Statystyki odpowiedzi
Obrazkowy Odpowiedź % Poprawnych
Argentyna
100%
Brazylia
98%
Chile
95%
Jamajka
92%
Kanada
92%
Kolumbia
92%
Barbados
91%
Meksyk
91%
Stany Zjednoczone
91%
Dominika
89%
Ekwador
89%
Panama
89%
Urugwaj
89%
Bahamy
88%
Kuba
86%
Antigua i Barbuda
84%
Haiti
84%
Honduras
84%
Wenezuela
84%
Belize
83%
Boliwia
83%
Dominikana
83%
Gwatemala
81%
Paragwaj
81%
Nikaragua
80%
Kostaryka
78%
Saint Lucia
78%
Gujana
77%
Surinam
77%
Peru
75%
Salwador
75%
Trynidad i Tobago
73%
Grenada
69%
Saint Vincent i Grenadyny
69%
Saint Kitts i Nevis
64%
Nie znaleziono quizów pasujących do podanych kryteriów
Rozkład punktacji
Procent ludzi z każdym wynikiem
Percentyl według liczby udzielonych odpowiedzi
Twoja historia wyników
Nie rozwiązałeś tego quizu